000 00689nam a22002057a 4500
005 20240905152044.0
010 _aENG-141666
020 _a9789352876385
_c120.00
035 _aEN-125198
037 _bDBAD
082 _a485.1
_21
100 _aBoard Of Editors
_971164
245 _aBlossoming Flowers/
_cBy Board Of Editors
250 _a1
260 _aTelengana
_bOrient BlackSwan Private Limited
_c2017
270 _a3-6-752, HimayatNagar, Hyderabad
_bTelengana
_e500029
_mcentraloffice@orientblackswan.com
300 _a224p.
_bindex
_c22cm.(pb)
500 _aCompulsory English Textbook For B.A. Part II (Semesters III & IV)
942 _2ddc
_cEN
_mBLO
_h485.1
_e1
999 _c205620
_d205620